000 00643nam a2200217 i 4500
001 142587
003 ES-MaACL
005 20250814052041.0
007 t|
008 071008s1978 sp a |||| | spa d
100 1 _aVillalta Esquius, Juan.
_9114988
245 1 3 _aEl motor Diesel /
_cJuan Villalta Esquius.
250 _a8ª ed.
260 _aBarcelona :
_bCEAC,
_c1978.
300 _a536 p. :
_bil. ;
_c24 cm.
490 1 _aEnciclopedia Ceac del motor y automóvil
650 7 _aMotores Diesel
_2embne
_9144297
830 0 _aEnciclopedia Ceac del motor y automóvil
_9182725
852 _aES-MaACL
_jA-9937
999 _c142587
_d142587